Evangelical Quarterly: An International Review of Bible and Theology.

محفوظ في:

التنسيق: دورية

اللغة: Undetermined

الموضوعات:

الوصول للمادة أونلاين: Login to view Source

الوسوم: إضافة وسم

لا توجد وسوم, كن أول من يضع وسما على هذه التسجيلة!

رقم الطلب:

LEADER 00622nms a2200181Ia 4500
005 20240402052302.0
008 240131s9999||||xx |||||||||||||||||und||
999 |c 56385  |d 56385 
022 |a 0014-3367 
022 |a 2772-5472 
245 0 0 |a Evangelical Quarterly: An International Review of Bible and Theology. 
336 |2 rdacontent  |a text  |b txt 
337 |2 rdamedia  |a unmediated  |b n 
338 |2 rdacarrier  |a volume  |b n 
500 |a 2022 new acquired journal transferred from Paternoster Periodicals. 
650 4 |a Biblical studies & exegesis. 
856 |z EVQU  |u https://brill.com/view/journals/evqu/evqu-overview.xml 
942 |2 lcc  |c EJL